Подробности
| 000 -МАРКЕР |
| контрольное поле |
01537nam2a2200301 4500 |
| 001 - ИДЕНТИФИКАТОР ЗАПИСИ |
| контрольное поле |
RU\NLR\bibl\1774714 |
| 005 - ИДЕНТИФИКАТОР ВЕРСИИ |
| контрольное поле |
20260407161329.0 |
| 010 ## - МЕЖДУНАРОДНЫЙ СТАНДАРТНЫЙ НОМЕР КНИГИ (ISBN) |
| Номер (ISBN) |
978-5-4334-005-4 |
| Тираж |
900 |
| 035 ## - ДРУГИЕ СИСТЕМНЫЕ НОМЕРА |
| Идентификатор записи |
(NLR Aleph) 001765484 |
| 100 ## - ДАННЫЕ ОБЩЕЙ ОБРАБОТКИ |
| Данные общей обработки |
20110601d2011 |||y0rusy50 ca |
| 101 0# - ЯЗЫК РЕСУРСА |
| Язык текста, звукозаписи и т.д. |
русский |
| 102 ## - СТРАНА ПУБЛИКАЦИИ ИЛИ ПРОИЗВОДСТВА |
| Страна публикации |
Российская Федерация |
| 105 ## - ПОЛЕ КОДИРОВАННЫХ ДАННЫХ: ТЕКСТОВЫЕ МАТЕРИАЛЫ, МОНОГРАФИЧЕСКИЕ |
| Кодированные данные о монографическом текстовом документе |
y ||||||||| |
| 200 0# - ЗАГЛАВИЕ И СВЕДЕНИЯ ОБ ОТВЕТСТВЕННОСТИ |
| Основное заглавие |
Вып. 2 |
| 210 ## - ПУБЛИКАЦИЯ, РАСПРОСТРАНЕНИЕ И ДР. |
| Дата издания, распространения и т.д. |
2011 |
| Место издания, распространения и т.д. |
Б. м. |
| 215 ## - ФИЗИЧЕСКАЯ ХАРАКТЕРИСТИКА |
| Специфическое обозначение материала и объем |
252, [1] с., [2] л. цв. ил. |
| 327 0# - ПРИМЕЧАНИЯ О СОДЕРЖАНИИ |
| Текст примечания |
Содерж.: авт.: Е. Раевский, С. Супранюк, Дмитрий Киршин, Макар Алпатов, Ирина Титаренко, Наталья Веселова, Людмила Новикова, Виктор Драчев, Юрий Пейсахович, Александр Полозов [и др.] |
| 461 #0 - УРОВЕНЬ НАБОРА |
| Встроенное поле |
001RU\NLR\bibl\1775936 |
| -- |
2001#$a"Есть час на те слова..."$vВып. 2 |
| Системный номер (АБИС) связанной записи |
1612125 |
| Место публикации |
Санкт-Петербург |
| Дата публикации |
2011 |
| Первые сведения об ответственности |
Рос. межрегион. союз писателей, [Акад. рус. словесности и изящных искусств им. Г.Р. Державина |
| Имя издателя, распространителя и т.д. |
Гамма |
| Сведения, относящиеся к заглавию |
сборник секции прозы |
| Заглавие |
"Есть час на те слова..." |
| Номер тома |
Вып. 2 |
| 686 ## - ИНДЕКСЫ ДРУГИХ КЛАССИФИКАЦИЙ |
| Индекс |
Ш6(2=Р)8-4 |
| 712 02 - НАИМЕНОВАНИЕ ОРГАНИЗАЦИИ - ВТОРИЧНАЯ ОТВЕТСТВЕННОСТЬ |
| Код отношения |
Прочие |
| Начальный элемент ввода |
Российский межрегиональный союз писателей |
| Идентификатор авторитетной/нормативной записи |
RU\NLR\AUTH\8810099241 |
| Системный номер авторитетной/нормативной записи |
699485 |
| 801 #0 - ИСТОЧНИК ЗАПИСИ |
| Страна |
Российская Федерация |
| Организация |
NLR |
| Дата составления |
20110601 |
| Правила каталогизации |
RCR |
| 801 #1 - ИСТОЧНИК ЗАПИСИ |
| Страна |
Российская Федерация |
| Организация |
NLR |
| Дата составления |
20110601 |
| 942 ## - ДОПОЛНИТЕЛЬНЫЕ ЭЛЕМЕНТЫ ЗАПИСИ (АБИС) |
| Тип экземпляра АБИС |
Книга |
| 980 ## - КОЛЛЕКЦИЯ |
| Название коллекции |
Национальная библиография |
| 980 ## - КОЛЛЕКЦИЯ |
| Название коллекции |
НБР |